MARC

Tag First Indicator Second Indicator Subfields
LEADER 00000cam a22000004a 4500
001 in00002124021
005 20151103065947.0
008 050428s2006 nyua b 001 0 eng
010 |a  2005012019 
020 |a 0521857422 (hardback) 
020 |a 0521674115 (pbk.) 
035 |a (OCoLC)ocm60245457 
040 |a DLC  |c DLC  |d YDX  |d BAKER  |d MDY  |d UtOrBLW 
042 |a pcc 
043 |a ew----- 
049 |a TXAM 
050 0 0 |a HC240  |b .M244 2006 
082 0 0 |a 331.11/094/0904  |2 22 
100 1 |a Mares, Isabela. 
245 1 0 |a Taxation, wage bargaining and unemployment /  |c Isabela Mares. 
264 1 |a New York, NY :  |b Cambridge University Press,  |c 2006. 
300 |a xviii, 266 pages :  |b illustrations ;  |c 24 cm. 
336 |a text  |b txt  |2 rdacontent 
337 |a unmediated  |b n  |2 rdamedia 
338 |a volume  |b nc  |2 rdacarrier 
490 1 |a Cambridge studies in comparative politics 
504 |a Includes bibliographical references (pages 231-252) and index. 
505 0 |a Introduction: does the welfare state hurt employment? -- Developments in European labor markets: two theoretical perspectives -- The argument -- The organization of the study -- The economic and political consequences of welfare state maturation -- Labor market institutions and economic performance -- Labor market institutions and monetary policy -- A theoretical synthesis: labor market institutions, monetary policies and the welfare state -- Looking ahead -- Appendix -- Equilibrium prices and consumption -- Derivation of trade unions' optimal wage demands -- Proofs of comparative statics results -- Centralization of the wage bargaining system: a comparison with the Calmfors-Driffill approach -- A quantitative analysis -- Testing the model: measurement of the central explanatory variables -- The dependent variable: the employment performance of OECD economies -- Regression analysis -- Conclusions -- Sweden: Policy developments in the immediate postwar years -- The Rehn-Meidner model -- Wage and social policy developments of the 1960s -- Strains on the system: interunion rivalry, 1970-1976 -- Policy developments under conservative governments, 1976-1982 -- The return of the social democrats, 1982-1990 -- The double sacrifice: wage and social policy developments of the 1990s -- Conclusion -- Germany: The wage-social policy nexus during the Adenauer-Erhard period, 1950-1966 -- Wage bargaining and social policy developments under the Grand coalition, 1966-1969 -- Wage bargaining and social policy expansion in the Brandt era, 1969-1974 -- Wage bargaining and social policy developments under the social-liberal coalition, 1974-1982 -- The consequences of welfare state maturation: wage and social policy developments, 1982-1990 -- The aftermath of German reunification, 1990-1997 -- Conclusions -- Britain: Wage developments of the postwar years, 1945-1950 -- Social policy and wage moderation under the conservatives, 1951-1964 -- The Labor government, 1964-1970 -- Conservatives again, 1970-1974 -- The social contract, 1974-1979 -- The conservative attack on the social wage, 1980-1996 -- Welfare state and labor market reforms under New Labour -- Conclusion -- Conclusion: new social pacts in contemporary Europe -- The theoretical argument -- Implications for the politics of new social pacts. 
651 0 |a Europe  |x Economic policy. 
651 0 |a Europe  |x Social policy. 
650 0 |a Manpower policy  |z Europe. 
650 0 |a Welfare state  |z Sweden  |x History  |y 20th century. 
650 0 |a Wages  |z Sweden  |x History  |y 20th century. 
650 0 |a Labor unions  |z Sweden  |x History  |y 20th century. 
650 0 |a Welfare state  |z Germany  |x History  |y 20th century. 
650 0 |a Wages  |z Germany  |x History  |y 20th century. 
650 0 |a Labor unions  |z Germany  |x History  |y 20th century. 
650 0 |a Welfare state  |z Great Britain  |x History  |y 20th century. 
650 0 |a Wages  |z Great Britain  |x History  |y 20th century. 
650 0 |a Labor unions  |z Great Britain  |x History  |y 20th century. 
830 0 |a Cambridge studies in comparative politics. 
856 4 1 |3 Table of contents  |u http://www.loc.gov/catdir/toc/ecip0511/2005012019.html  |t 0 
938 |a Baker & Taylor  |b BKTY  |c 70.00  |d 70.00  |i 0521857422  |n 0006448529  |s active 
938 |a Baker & Taylor  |b BKTY  |c 27.99  |d 27.99  |i 0521674115  |n 0006448530  |s active 
945 |i PromptCat 
946 |a west,stk 
947 |a A14833213728 
948 |a cataloged  |b h  |c 2006/5/19  |d c  |e achopde  |f 9:38:02 am 
994 |a 92  |b TXA 
999 |a MARS 
999 f f |s c8f40e10-e3ac-3597-a7cb-a6361a929d8b  |i e52958f8-aeb2-357c-a87f-2479f09437ca  |t 0 
952 f f |p ric  |a Texas A&M University  |b Rellis Campus  |c Joint Library Facility  |d Remote Storage  |t 0  |e HC240 .M244 2006  |h Library of Congress classification  |i unmediated -- volume  |m A14833213728 
998 f f |a HC240 .M244 2006  |t 0  |l Remote Storage